| 000 | 01204nam a22002057a 4500 | ||
|---|---|---|---|
| 999 |
_c59841 _d59841 |
||
| 003 | Ge_BSU | ||
| 005 | 20230427103336.0 | ||
| 008 | 230427s1979ge xxu||||| |||| 00| 0 geo d | ||
| 041 | _ageo | ||
| 080 | _a902.2(479.221.2) რ-21 | ||
| 100 |
_aრამიშვილი, რამინ. _91476 |
||
| 245 |
_aივრის ხეობის არქეოლოგიური ძეგლები. _bწ. 3, ერწოს ველი გვიანარმაზულ ხანაში / _c რამინ რამიშვილი, რედ. ო.ლორთქიფანიძე |
||
| 264 |
_aთბილისი : _bმეცნიერება, _c1979. |
||
| 300 |
_a114 გვ. : _bილ. 28 ფ.ილ. _c24 სმ. |
||
| 653 | _aარქეოლოგიური გათხრები კახეთში. | ||
| 653 | _aარქეოლოგია | ||
| 700 |
_aლორთქიფანიძე, ო _eრედაქტორი _917578 |
||
| 710 |
_aივ. ჯავახიშვილის სახ. ისტორიის, არქეოლოგიისა და ეთნოგრაფიის ინ-ტი. _917837 |
||
| 942 |
_2udc _cBK |
||